00683 2200217 4500001002100000005001500021035002000036007000300056008004100059020001800100082001100118084001700129100001800146245003600164260004400200300001200244500016400256650002100420856001700441990000700458INLIS00000000000001720220119113752 a0010-0122000017ta220119 0 ind  a9786020221205 a001.43 a001.43 AND s0 aAndri Andreas1 aScience Quiz :bXperimen Xpress aJakarta :bElex Media Komputindo,c2013 a197 hlm aIsi Komik ini mengenai percobaan yang mengunakan bahan dan alat-alat yang biasa digunakan dalam kehidupan sehari-hari sehinga mudah dimengerti oleh anak-anak. 4aPercobaan Ilmiah aKoleksi Umum a16